Il posto dell'altro

Kaydedildi:
Detaylı Bibliyografya
Yazar: AA.VV
Materyal Türü: Kitap
Dil:Bilinmeyen Dil
Baskı/Yayın Bilgisi: Molfetta (BA) Meridiana 2000
Etiketler: Etiketle
Etiket eklenmemiş, İlk siz ekleyin!

MARC

LEADER 00000nam a2200000Ia 4500
001 188
003 NUMERAZIONE-ORIGINALE-BRESCIA
005 20260206230749.0
008 260206s9999 xx 000 0 und d
100 |a AA.VV. 
245 0 |a Il posto dell'altro 
260 |a Molfetta (BA) 
260 |b Meridiana 
260 |c 2000 
500 |a Le persone omosessuali nelle chiese cristiane 
500 |a Paginealtre 
942 |2 ddc  |c BK  |n 0 
952 |0 0  |1 0  |2 ddc  |4 0  |6 15  |7 0  |9 28386  |a BS  |b BS  |d 2026-02-06  |i 188  |l 0  |o 1-5-*  |r 2026-02-06 22:40:34  |w 2026-02-06  |x [REVISIONARE]  |y BK 
999 |c 24069  |d 24069